000 00529nam a22001697a 4500
005 20251108164726.0
008 250721s9999 xx 000 0 ara d
082 1 4 _a614.85/رمض
100 1 _aرمضان، السيد
245 1 0 _aحوادث الصناعة و الأمن الصناعي /
264 1 _aالإسكندريه :
_bالمكتب الجامعي الحديث،
_c[19-].
300 _a149ص.
650 1 7 _aالسلامة الصناعية
650 1 7 _aإصابات العمل
942 _2ddc
_cBK
999 _c12827
_d12827